00534 2200157 4500001002100000005001500021035002000036007000300056008003900059082000700098084001300105100002400118245017400142260004500316990001500361INLIS00000000000487520250109022029 a0010-0125000582ta250109 | | |  a71 a71 YUA g0 aYuanita Erma Zakiya1 aGambaran Penggunan Obat Antibiotik Untuk Terapi Covid-19 Pada Pasien Rawat Inap Di Rumah Sakit Islam PKU Muhammadiyah Palangkaraya Pada Tahun 2020 /cYuanita Erma Zakiya aPalangkaraya :bPerpustakaan UMPR,c2022 a1971020987